[Event "CAN-op"]
[Site "Kitchener CAN"]
[Date "2006.07.20"]
[Round "6"]
[White "Arandia, Henry"]
[Black "Jiang, Louie"]
[Result "1-0"]
[WhiteElo "2035"]
[BlackElo "1967"]
[PlyCount "83"]
[EventDate "2006.07.15"]
[EventType "swiss"]
[EventRounds "9"]
[EventCountry "CAN"]

1. d4 d5 2. Nc3 Nf6 3. Bg5 Nbd7 4. f3 h6 5. Bh4 e6 6. e3 c5 7. Bb5 a6 8. Bxd7+
Bxd7 9. Nge2 Rc8 10. O-O Be7 11. Kh1 b6 12. Qe1 O-O 13. Rd1 Qe8 14. e4 cxd4 15.
Nxd4 e5 16. Nf5 Bxf5 17. exf5 d4 18. Ne4 Nd5 19. f6 gxf6 20. Qg3+ Kh7 21. Qh3
Rg8 22. f4 Nxf4 23. Qf5+ Rg6 24. Bxf6 Ne6 25. Bxe5 Kg8 26. Rf2 Ng7 27. Qf3 Bh4
28. Nf6+ Bxf6 29. Bxf6 Ne6 30. h4 Rc6 31. Rdf1 Ng7 32. Bxd4 Rc4 33. c3 Ne6 34.
Qd5 b5 35. Qe5 Rg7 36. Rxf7 Qxf7 37. Rxf7 Kxf7 38. Qf6+ Ke8 39. Qxe6+ Re7 40.
Qxa6 Rcc7 41. Qxb5+ Rcd7 42. Qh5+ 1-0

[Event "CAN-op"]
[Site "Kitchener CAN"]
[Date "2006.07.20"]
[Round "6"]
[White "Demmery, Steve"]
[Black "Vlasov, John"]
[Result "1-0"]
[WhiteElo "2097"]
[BlackElo "1813"]
[PlyCount "85"]
[EventDate "2006.07.15"]
[EventType "swiss"]
[EventRounds "9"]
[EventCountry "CAN"]

1. d4 d5 2. c4 e6 3. Nf3 Nf6 4. g3 Be7 5. Bg2 O-O 6. O-O Nbd7 7. Nc3 Re8 8. Qc2
Bf8 9. Rd1 h6 10. e4 dxe4 11. Nxe4 Nxe4 12. Qxe4 Nf6 13. Qc2 c6 14. Ne5 Nd7 15.
Be3 Nxe5 16. dxe5 Qc7 17. f4 c5 18. Qa4 Re7 19. Qb5 Rd7 20. Rxd7 Bxd7 21. Qxb7
Qxb7 22. Bxb7 Rb8 23. Bf3 Be7 24. Rd1 Ba4 25. b3 Be8 26. Rd3 a5 27. Kf2 a4 28.
Ke2 Rc8 29. Kd2 Rc7 30. Kc2 Kf8 31. Kb2 Bd7 32. bxa4 Bxa4 33. Ra3 Bd7 34. Ra8+
Rc8 35. Rxc8+ Bxc8 36. Bc6 f6 37. Kb3 Kf7 38. Be4 fxe5 39. fxe5 Ke8 40. Ka4
Bd7+ 41. Ka5 Bd8+ 42. Ka6 Be7 43. Kb6 1-0

[Event "CAN-op"]
[Site "Kitchener CAN"]
[Date "2006.07.20"]
[Round "6"]
[White "Doubleday, William"]
[Black "Sauve, Richard"]
[Result "1/2-1/2"]
[WhiteElo "2129"]
[BlackElo "2004"]
[PlyCount "93"]
[EventDate "2006.07.15"]
[EventType "swiss"]
[EventRounds "9"]
[EventCountry "CAN"]

1. d4 e6 2. c4 d5 3. Nc3 c6 4. e3 Bd6 5. Nf3 f5 6. Ne5 Nf6 7. Bd3 O-O 8. f3
Nbd7 9. Nxd7 Bxd7 10. O-O Be8 11. c5 Bc7 12. Bd2 Kh8 13. b4 Bh5 14. Qc2 Rg8 15.
b5 g5 16. Ne2 Bg6 17. Rab1 Qd7 18. bxc6 bxc6 19. Rb2 Rgb8 20. Rfb1 h5 21. Be1
Rxb2 22. Rxb2 Rb8 23. Bg3 Rxb2 24. Qxb2 Bxg3 25. hxg3 Qc7 26. Qb4 Kg7 27. a4
Nd7 28. f4 g4 29. Nc1 Be8 30. Nb3 Qb8 31. Qxb8 Nxb8 32. Na5 Kf6 33. Nb7 Ke7 34.
a5 Kd7 35. Nd6 Kd8 36. Kf2 Bd7 37. Ke2 Bc8 38. Kd2 Ba6 39. Bxa6 Nxa6 40. Kc3
Nc7 41. Kb3 Kd7 42. Kc3 a6 43. Kb4 Nb5 44. Nf7 Kc8 45. Ne5 Kc7 46. Nf7 Kd7 47.
Ne5+ 1/2-1/2

[Event "CAN-op"]
[Site "Kitchener CAN"]
[Date "2006.07.20"]
[Round "6"]
[White "Estrada, Julian"]
[Black "Davies, Lucas"]
[Result "1/2-1/2"]
[WhiteElo "2370"]
[BlackElo "2159"]
[PlyCount "95"]
[EventDate "2006.07.15"]
[EventType "swiss"]
[EventRounds "9"]
[EventCountry "CAN"]

1. e4 c6 2. d4 d5 3. Nd2 dxe4 4. Nxe4 Nd7 5. Ng5 Ngf6 6. Bd3 e6 7. N1f3 Bd6 8.
Qe2 h6 9. Ne4 Nxe4 10. Qxe4 Qc7 11. Qg4 Kf8 12. O-O c5 13. c3 b6 14. Qh4 c4 15.
Bc2 Bb7 16. Be4 Bxe4 17. Qxe4 Rb8 18. Re1 b5 19. Bd2 Qb7 20. Bf4 Bxf4 21. Qxf4
Kg8 22. d5 Nc5 23. dxe6 fxe6 24. Qe5 Qb6 25. Nd4 Nd3 26. Qxe6+ Qxe6 27. Rxe6
Nxb2 28. Rb1 Na4 29. Nxb5 Kh7 30. Rc6 Rhd8 31. h4 Nxc3 32. Nxc3 Rxb1+ 33. Nxb1
Rd1+ 34. Kh2 Rxb1 35. Rxc4 Rb2 36. Ra4 Rxf2 37. Rxa7 Rb2 38. a4 h5 39. a5 Rb5
40. a6 Rb6 41. Ra8 Rc6 42. Kg3 Rf6 43. a7 Ra6 44. Kf4 Ra4+ 45. Ke5 Ra1 46. Kd5
Rd1+ 47. Ke6 Ra1 48. g3 1/2-1/2

[Event "CAN-op"]
[Site "Kitchener CAN"]
[Date "2006.07.20"]
[Round "6"]
[White "Hansen, Eric"]
[Black "Mattson, Dane"]
[Result "0-1"]
[WhiteElo "2023"]
[BlackElo "1857"]
[PlyCount "86"]
[EventDate "2006.07.15"]
[EventType "swiss"]
[EventRounds "9"]
[EventCountry "CAN"]

1. e4 e6 2. d3 d5 3. Qe2 Be7 4. Nf3 Nf6 5. g3 c5 6. Bg2 Nc6 7. O-O d4 8. e5 Nd5
9. h4 Qc7 10. Re1 Rb8 11. h5 h6 12. Nbd2 b5 13. Nh2 Nb6 14. Ng4 Nb4 15. Ne4
N4d5 16. c4 bxc4 17. dxc4 Nb4 18. Nd6+ Kf8 19. a3 Nc6 20. Qf3 Nxe5 21. Nxe5
Bxd6 22. Ng6+ Kg8 23. Nxh8 Kxh8 24. Qd3 a5 25. Bd2 Nd7 26. Qc2 a4 27. Qxa4 Rxb2
28. Bc1 Rb8 29. f4 Nf6 30. Bf3 Bd7 31. Qd1 e5 32. fxe5 Bxe5 33. Rxe5 Qxe5 34.
Bf4 Qe8 35. Bxb8 Qxb8 36. Qe1 Qb3 37. Qe2 Be6 38. Kg2 Bxc4 39. Qf2 Nd5 40. Kh2
Ne3 41. Kg1 Qc3 42. Rb1 Be6 43. g4 Qd3 0-1

[Event "CAN-op"]
[Site "Kitchener CAN"]
[Date "2006.07.20"]
[Round "6"]
[White "Hecht, Hans Joachim"]
[Black "Moiseenko, Alexander"]
[Result "1/2-1/2"]
[WhiteElo "2394"]
[BlackElo "2649"]
[PlyCount "76"]
[EventDate "2006.07.15"]
[EventType "swiss"]
[EventRounds "9"]
[EventCountry "CAN"]

1. d4 Nf6 2. c4 e6 3. Nc3 Bb4 4. e3 b6 5. Nge2 c5 6. a3 Ba5 7. Rb1 Na6 8. Bd2
O-O 9. Ng3 Bb7 10. Qa4 Bc6 11. Qc2 Qe7 12. d5 Bb7 13. Be2 b5 14. Nxb5 Bxd2+ 15.
Qxd2 exd5 16. O-O Qe6 17. Rfd1 Rfb8 18. b3 dxc4 19. bxc4 Bc6 20. Rbc1 Rb6 21.
Qc3 Bb7 22. Rd2 Ne8 23. Rcd1 d6 24. Nh5 f6 25. Nf4 Qe7 26. Bf3 Bxf3 27. gxf3
Nac7 28. Nxc7 Nxc7 29. Nd5 Nxd5 30. Rxd5 Rc8 31. Qd3 Rcc6 32. f4 g6 33. e4 Qd7
34. e5 Qg4+ 35. Qg3 Qxg3+ 36. hxg3 fxe5 37. fxe5 dxe5 38. Rxe5 Rc7 1/2-1/2

[Event "CAN-op"]
[Site "Kitchener CAN"]
[Date "2006.07.20"]
[Round "6"]
[White "Henry, Liam"]
[Black "Angers, Gilles"]
[Result "1-0"]
[WhiteElo "2090"]
[BlackElo "1997"]
[PlyCount "29"]
[EventDate "2006.07.15"]
[EventType "swiss"]
[EventRounds "9"]
[EventCountry "CAN"]

1. e4 e6 2. d4 d5 3. Nc3 Nf6 4. Bg5 dxe4 5. Nxe4 Nbd7 6. Nf3 Be7 7. Bxf6 Bxf6
8. Qd2 b6 9. O-O-O Bb7 10. Bd3 Be7 11. c3 O-O 12. h4 c5 13. dxc5 bxc5 14. Bb1
f5 15. Qxd7 1-0

[Event "CAN-op"]
[Site "Kitchener CAN"]
[Date "2006.07.20"]
[Round "6"]
[White "Jiang, Bowen"]
[Black "Sadoway, Steven"]
[Result "0-1"]
[WhiteElo "1806"]
[BlackElo "2037"]
[PlyCount "94"]
[EventDate "2006.07.15"]
[EventType "swiss"]
[EventRounds "9"]
[EventCountry "CAN"]

1. d4 f5 2. c4 Nf6 3. Nc3 e6 4. Nf3 Be7 5. e3 O-O 6. Bd3 d5 7. O-O c6 8. Qc2
Ne4 9. Ne5 Nd7 10. f3 Nxe5 11. dxe5 Nc5 12. Ne2 Nxd3 13. Qxd3 Qc7 14. Qc3 dxc4
15. f4 b5 16. b3 cxb3 17. Qxb3 Rd8 18. Nd4 Rd5 19. a4 b4 20. Qc4 Bd7 21. Bd2 a5
22. Rfc1 Rc8 23. Rc2 g6 24. Nb3 Qb6 25. h3 Rc7 26. Kh2 Bc8 27. Nd4 Ba6 28. Qa2
c5 29. Nb5 Bxb5 30. axb5 Qxb5 31. Qxa5 Qxa5 32. Rxa5 c4 33. Ra8+ Kg7 34. Rb8 c3
35. Bc1 Ra5 36. Kg3 Raa7 37. e4 Rab7 38. Rxb7 Rxb7 39. exf5 gxf5 40. Kf3 Rd7
41. Ke2 Bd8 42. Be3 Ba5 43. Ra2 Rd5 44. Ra1 b3 45. Rb1 b2 46. g4 Bb4 47. gxf5
exf5 0-1

[Event "CAN-op"]
[Site "Kitchener CAN"]
[Date "2006.07.20"]
[Round "6"]
[White "Kagramanov, Dina"]
[Black "Zubac, Marius"]
[Result "1-0"]
[WhiteElo "2076"]
[BlackElo "2217"]
[PlyCount "79"]
[EventDate "2006.07.15"]
[EventType "swiss"]
[EventRounds "9"]
[EventCountry "CAN"]

1. e4 g6 2. d4 Bg7 3. Nc3 c6 4. f4 Qb6 5. Nf3 d5 6. e5 Bg4 7. Be2 Nh6 8. Na4
Qa5+ 9. c3 Qc7 10. Nc5 a5 11. O-O b6 12. Nd3 e6 13. Be3 Nf5 14. Bf2 h5 15. h3
Bxf3 16. Bxf3 h4 17. Rc1 O-O 18. Qe1 Nd7 19. c4 Qb7 20. Bg4 Qa6 21. b3 Ng3 22.
Bxg3 hxg3 23. Qxg3 dxc4 24. Rxc4 Rac8 25. h4 Rfd8 26. h5 Nf8 27. hxg6 fxg6 28.
Qh3 Re8 29. Nf2 Rcd8 30. Rxc6 Rxd4 31. Bxe6+ Nxe6 32. Rxe6 Rf8 33. g3 g5 34. f5
Qe2 35. f6 g4 36. Qh4 Bxf6 37. Rxf6 Rxf6 38. exf6 Kf7 39. Qh7+ Kxf6 40. Qh8+
1-0

[Event "CAN-op"]
[Site "Kitchener CAN"]
[Date "2006.07.20"]
[Round "6"]
[White "Kazmaier, Daniel"]
[Black "Predescu, Sebastian"]
[Result "1/2-1/2"]
[WhiteElo "2141"]
[BlackElo "2267"]
[PlyCount "65"]
[EventDate "2006.07.15"]
[EventType "swiss"]
[EventRounds "9"]
[EventCountry "CAN"]

1. e4 c5 2. c3 Nf6 3. e5 Nd5 4. d4 cxd4 5. cxd4 d6 6. Nf3 Nc6 7. Bc4 e6 8. O-O
Be7 9. a3 O-O 10. Nbd2 Qc7 11. exd6 Bxd6 12. Ne4 Nce7 13. Nxd6 Qxd6 14. Qe2 Nf6
15. Bg5 Ned5 16. Rad1 b6 17. Ne5 Bb7 18. Rd3 h6 19. Bc1 Ne7 20. Bf4 Nc6 21. Ng6
Nxd4 22. Qd2 Qc5 23. b4 Ne2+ 24. Qxe2 Qxc4 25. Nxf8 Qxf4 26. Nd7 Ba6 27. Nxf6+
Qxf6 28. Qe4 Rf8 29. b5 Bxb5 30. Rf3 Qe7 31. Rc1 Ba6 32. Rfc3 Rd8 33. Qa4
1/2-1/2

[Event "CAN-op"]
[Site "Kitchener CAN"]
[Date "2006.07.20"]
[Round "6"]
[White "Kulic, Sasa"]
[Black "Wight, Keith"]
[Result "1-0"]
[WhiteElo "2192"]
[BlackElo "2010"]
[PlyCount "119"]
[EventDate "2006.07.15"]
[EventType "swiss"]
[EventRounds "9"]
[EventCountry "CAN"]

1. e4 c5 2. Nf3 d6 3. c3 Nf6 4. Be2 Nc6 5. d3 g6 6. h3 Bg7 7. O-O O-O 8. Re1
Rb8 9. Bf1 e5 10. d4 Nd7 11. dxc5 dxc5 12. Bg5 Qc7 13. Na3 a6 14. Nc4 b5 15.
Ne3 Nb6 16. Nd5 Nxd5 17. exd5 f6 18. dxc6 fxg5 19. Qd5+ Kh8 20. Qxc5 Bxh3 21.
Nxe5 Bf5 22. g4 Rfe8 23. gxf5 Bxe5 24. fxg6 Re6 25. Bh3 g4 26. Bxg4 Rxg6 27.
Qxe5+ Qxe5 28. Rxe5 Rxg4+ 29. Kf1 Rc8 30. Re6 Rg6 31. Rxg6 hxg6 32. Rd1 Rxc6
33. Rd7 Re6 34. f3 Kg8 35. Kf2 Kf8 36. f4 Kg8 37. Kf3 Kf8 38. Ra7 Ke8 39. a3
Kf8 40. Kg4 Re2 41. Rxa6 Rg2+ 42. Kh4 Rxb2 43. Kg5 Kf7 44. Rf6+ Ke7 45. Rxg6
Rb3 46. Rc6 Rxa3 47. Rc5 Rb3 48. f5 b4 49. f6+ Kf7 50. Rc7+ Kf8 51. c4 Rg3+ 52.
Kf5 Re3 53. Rb7 b3 54. c5 Kg8 55. c6 Rf3+ 56. Ke6 Rc3 57. Rb8+ Kh7 58. f7 Rxc6+
59. Kd7 Rc1 60. f8=Q 1-0

[Event "CAN-op"]
[Site "Kitchener CAN"]
[Date "2006.07.20"]
[Round "6"]
[White "Lacau Rodean, Iulia"]
[Black "Pastor, Andrew"]
[Result "1/2-1/2"]
[WhiteElo "2071"]
[BlackElo "1859"]
[PlyCount "65"]
[EventDate "2006.07.15"]
[EventType "swiss"]
[EventRounds "9"]
[EventCountry "CAN"]

1. e4 c5 2. Nf3 d6 3. g3 Nf6 4. d3 g6 5. Bg2 Bg7 6. O-O Nc6 7. c3 Bg4 8. h3 Bd7
9. Be3 O-O 10. Nbd2 a6 11. d4 cxd4 12. cxd4 Rc8 13. a3 Na5 14. Rc1 Bb5 15. Re1
Nc4 16. Nxc4 Rxc4 17. Rxc4 Bxc4 18. b3 Bb5 19. a4 Bd7 20. e5 Nd5 21. exd6 exd6
22. Bc1 Bc6 23. Ba3 Qf6 24. Bb2 Qd8 25. Nd2 Re8 26. Nc4 Bf8 27. Rxe8 Qxe8 28.
Na5 Nb4 29. Nxc6 bxc6 30. d5 c5 31. Bc3 a5 32. Bxb4 cxb4 33. Bf3 1/2-1/2

[Event "CAN-op"]
[Site "Kitchener CAN"]
[Date "2006.07.20"]
[Round "6"]
[White "Milicevic, Goran"]
[Black "Lacau Rodean, Lucian"]
[Result "1-0"]
[WhiteElo "2305"]
[BlackElo "2104"]
[PlyCount "113"]
[EventDate "2006.07.15"]
[EventType "swiss"]
[EventRounds "9"]
[EventCountry "CAN"]

1. d4 Nf6 2. Nf3 g6 3. Nc3 d5 4. Bf4 Bg7 5. e3 O-O 6. Be2 c5 7. h4 Nc6 8. dxc5
Qa5 9. Nd4 Ne4 10. Nb3 Nxc3 11. Nxa5 Nxd1 12. Nxc6 bxc6 13. Rxd1 Bxb2 14. Rd3
Bf6 15. Rb3 e5 16. Bg5 Bxg5 17. hxg5 Be6 18. Kd2 d4 19. Rb4 Bxa2 20. exd4 exd4
21. Rxd4 Rfd8 22. Rhh4 Bd5 23. f3 a5 24. c4 Be6 25. Rxd8+ Rxd8+ 26. Kc3 a4 27.
Rh1 Rb8 28. Ra1 Rb3+ 29. Kd4 Rb2 30. Bf1 Rd2+ 31. Ke3 Rc2 32. Rxa4 Kf8 33. g4
Ke7 34. Bd3 Rc1 35. Kd2 Rh1 36. Be4 Bd7 37. Ra7 Ke6 38. Rc7 h5 39. gxh6 Rxh6
40. Bxc6 Bxc6 41. Rxc6+ Ke5 42. Ke3 Rh3 43. g5 Rh4 44. Rf6 Re4+ 45. Kf2 Rxc4
46. Rxf7 Rxc5 47. Rf6 Rc7 48. f4+ Ke4 49. Kg3 Rc3+ 50. Kg4 Rc1 51. Re6+ Kd5 52.
Rxg6 Rg1+ 53. Kf5 Rf1 54. Rg8 Kd6 55. Re8 Kd7 56. Re2 Ra1 57. g6 1-0

[Event "CAN-op"]
[Site "Kitchener CAN"]
[Date "2006.07.20"]
[Round "6"]
[White "Ozkan, Charlie"]
[Black "Huang, Richard"]
[Result "0-1"]
[WhiteElo "1903"]
[BlackElo "1801"]
[PlyCount "110"]
[EventDate "2006.07.15"]
[EventType "swiss"]
[EventRounds "9"]
[EventCountry "CAN"]

1. c4 Nf6 2. Nc3 c5 3. g3 e6 4. Nf3 d5 5. d4 Nc6 6. cxd5 exd5 7. Be3 cxd4 8.
Nxd4 Be7 9. Bg2 O-O 10. O-O Be6 11. Rc1 Qd7 12. Qa4 Nxd4 13. Bxd4 Qxa4 14. Nxa4
Rfc8 15. Nc3 Rd8 16. Rfd1 Rd7 17. Rd2 Ne4 18. Nxe4 dxe4 19. Bxe4 Rad8 20. e3
Bxa2 21. Rdc2 b6 22. Rc8 Be6 23. Rxd8+ Bxd8 24. Be5 Bb3 25. Rc8 Be6 26. Kg2 Kf8
27. Bc6 Bd5+ 28. Bxd5 Rxd5 29. f4 f6 30. Bd4 Kf7 31. Kf3 g6 32. Ke4 Rd7 33. g4
Ke7 34. h4 h5 35. gxh5 gxh5 36. Rc1 Kf7 37. f5 Be7 38. Rg1 Bf8 39. Bc3 a5 40.
Bd4 b5 41. Rc1 a4 42. Rc6 Be7 43. Bc5 Bxc5 44. Rxc5 Rb7 45. Kd4 b4 46. Ra5 a3
47. bxa3 b3 48. Ra7 Rxa7 49. Kc3 Rxa3 50. Kb2 Ra4 51. Kxb3 Rxh4 52. Kc3 Rg4 53.
Kd3 h4 54. Ke2 h3 55. Kf3 Rg5 0-1

[Event "CAN-op"]
[Site "Kitchener CAN"]
[Date "2006.07.20"]
[Round "6"]
[White "Peng, David"]
[Black "Swathi, Ghate"]
[Result "1-0"]
[WhiteElo "2170"]
[BlackElo "2379"]
[PlyCount "31"]
[EventDate "2006.07.15"]
[EventType "swiss"]
[EventRounds "9"]
[EventCountry "CAN"]

1. d4 Nf6 2. Nf3 e6 3. e3 b6 4. Bd3 Bb7 5. O-O Be7 6. b3 c5 7. Bb2 O-O 8. c4 d5
9. cxd5 exd5 10. Nc3 Nbd7 11. Ne2 Rc8 12. Rc1 Ne4 13. Ng3 Re8 14. dxc5 bxc5 15.
Bb5 a6 16. Bxd7 1-0

[Event "CAN-op"]
[Site "Kitchener CAN"]
[Date "2006.07.20"]
[Round "6"]
[White "Willms, Jeff"]
[Black "Pushkedra, Frank"]
[Result "0-1"]
[WhiteElo "1936"]
[BlackElo "2279"]
[PlyCount "112"]
[EventDate "2006.07.15"]
[EventType "swiss"]
[EventRounds "9"]
[EventCountry "CAN"]

1. e4 c5 2. Nf3 d6 3. d4 cxd4 4. Nxd4 Nf6 5. Nc3 a6 6. Be3 e5 7. Nb3 Be7 8. f4
O-O 9. Qe2 Nc6 10. h3 a5 11. O-O-O a4 12. Nc5 a3 13. b3 Nd4 14. Bxd4 exd4 15.
e5 dxc5 16. exf6 Bxf6 17. Ne4 Bf5 18. g4 Bxe4 19. Qxe4 Re8 20. Qxb7 Qd6 21. Qf3
Rad8 22. Bd3 g6 23. g5 Bg7 24. f5 Re3 25. Qf2 Qe5 26. Qh2 Rg3 27. Qe2 Qxe2 28.
Bxe2 Rxg5 29. fxg6 hxg6 30. Bc4 Bh6 31. Rde1 Kg7 32. Kd1 Rd7 33. Re8 Rg2 34.
Re2 Rg3 35. Re8 Rg2 36. Re2 Rxe2 37. Kxe2 Re7+ 38. Kf2 f5 39. Re1 Be3+ 40. Kf3
Kf6 41. Bd3 Rh7 42. Kg3 g5 43. Be2 Re7 44. Kf3 Bf4 45. Kg2 Re3 46. Kf1 Rxh3 47.
Bd3 Be3 48. Kg2 g4 49. Rh1 Rxh1 50. Kxh1 f4 51. Kg2 Kg5 52. Be4 f3+ 53. Kg3 Bd2
54. Kf2 Kf4 55. Bd3 g3+ 56. Kg1 Be3+ 0-1

[Event "CAN-op"]
[Site "Kitchener CAN"]
[Date "2006.07.20"]
[Round "6"]
[White "Yoos, John"]
[Black "Stevens, Christian"]
[Result "1/2-1/2"]
[WhiteElo "2373"]
[BlackElo "2314"]
[PlyCount "86"]
[EventDate "2006.07.15"]
[EventType "swiss"]
[EventRounds "9"]
[EventCountry "CAN"]

1. e4 c5 2. Nf3 a6 3. c3 d5 4. exd5 Qxd5 5. d4 Nf6 6. Be2 e6 7. O-O Nc6 8. Be3
cxd4 9. Nxd4 Bd7 10. Bf3 Qd6 11. Nd2 Qc7 12. Nc4 Be7 13. Qb3 O-O 14. Nb6 Rab8
15. Nxd7 Nxd7 16. Rad1 Nxd4 17. Bxd4 Bc5 18. Qc4 b5 19. Qe2 Bxd4 20. Rxd4 Ne5
21. Be4 Rfd8 22. Rfd1 Nc4 23. Bxh7+ Kf8 24. Bd3 Rxd4 25. cxd4 g6 26. g3 Rd8 27.
Qc2 Rc8 28. Qe2 Rd8 29. Be4 Kg7 30. h4 Qb6 31. b3 Nd6 32. Bb1 Ne8 33. h5 gxh5
34. Qxh5 Rd5 35. Qh7+ Kf8 36. Be4 Rd6 37. Qh4 Qd8 38. Qh8+ Ke7 39. Bf3 Nf6 40.
Qh4 Qa5 41. Rc1 Qd8 42. Rd1 Qa5 43. g4 Qc3 1/2-1/2

[Event "CAN-op"]
[Site "Kitchener CAN"]
[Date "2006.07.21"]
[Round "7"]
[White "Buscar, Michael"]
[Black "Ho, Conrad"]
[Result "1-0"]
[WhiteElo "2214"]
[BlackElo "2046"]
[PlyCount "63"]
[EventDate "2006.07.15"]
[EventType "swiss"]
[EventRounds "9"]
[EventCountry "CAN"]

1. d4 e6 2. Nf3 Nf6 3. g3 c5 4. Bg2 Be7 5. O-O O-O 6. c4 cxd4 7. Nxd4 Nc6 8.
Nc3 a6 9. b3 Qc7 10. Bb2 b6 11. Nxc6 dxc6 12. Qc2 Bb7 13. Ne4 c5 14. Ng5 h6 15.
Bxb7 Qxb7 16. Bxf6 hxg5 17. Bb2 Rad8 18. Rad1 Qc7 19. Qe4 Rd7 20. Be5 Bd6 21.
Bc3 Rfd8 22. Kg2 Be7 23. Rxd7 Qxd7 24. f3 a5 25. a4 Qc7 26. f4 g6 27. Be5 Qd7
28. fxg5 Bxg5 29. Qg4 Bh6 30. Qh4 Qd2 31. Qf6 Qxe2+ 32. Rf2 1-0

[Event "CAN-op"]
[Site "Kitchener CAN"]
[Date "2006.07.21"]
[Round "7"]
[White "Chow, Vincent"]
[Black "Willms, Jeff"]
[Result "1-0"]
[WhiteElo "2098"]
[BlackElo "1936"]
[PlyCount "95"]
[EventDate "2006.07.15"]
[EventType "swiss"]
[EventRounds "9"]
[EventCountry "CAN"]

1. d4 Nf6 2. c4 e6 3. Nf3 b6 4. g3 Bb7 5. Bg2 c5 6. dxc5 Bxc5 7. O-O O-O 8. Nc3
Na6 9. a3 d5 10. b4 Be7 11. cxd5 Nxd5 12. Nxd5 Bxd5 13. Bb2 Qc8 14. Rc1 Qb7 15.
Qc2 Rfc8 16. Qb1 Nc7 17. Qa1 f6 18. Rfe1 a5 19. e4 Bc6 20. Nd4 Bd7 21. e5 Nd5
22. exf6 Rxc1 23. Qxc1 Rc8 24. Qa1 Bxf6 25. Nxe6 Bxb2 26. Qxb2 Bxe6 27. Rxe6
Qd7 28. Qd2 Rc1+ 29. Qxc1 Qxe6 30. Qd2 Nf6 31. bxa5 bxa5 32. Qxa5 Qd6 33. Qa8+
Kf7 34. Bf3 g5 35. h3 h5 36. Qb7+ Kg6 37. Be4+ Nxe4 38. Qxe4+ Kh6 39. a4 Qd1+
40. Kg2 Qd2 41. Qf5 Qe2 42. a5 g4 43. h4 Kg7 44. Qd7+ Kg8 45. Qb7 Kh8 46. a6
Qa2 47. a7 Qf7 48. a8=Q+ 1-0

[Event "CAN-op"]
[Site "Kitchener CAN"]
[Date "2006.07.21"]
[Round "7"]
[White "Demmery, Steve"]
[Black "Raats, Daniel"]
[Result "1/2-1/2"]
[WhiteElo "2097"]
[BlackElo "1993"]
[PlyCount "44"]
[EventDate "2006.07.15"]
[EventType "swiss"]
[EventRounds "9"]
[EventCountry "CAN"]

1. d4 Nf6 2. c4 e6 3. Nf3 b6 4. g3 Ba6 5. Qc2 Bb4+ 6. Bd2 Be7 7. Bg2 Bb7 8. Nc3
c5 9. e3 O-O 10. a3 d6 11. O-O cxd4 12. exd4 a6 13. d5 e5 14. Nh4 Re8 15. f4
Nbd7 16. Nf3 Bf8 17. Rae1 exf4 18. Rxe8 Qxe8 19. Re1 Qc8 20. Bxf4 Qxc4 21. Nd2
Qc5+ 22. Be3 Qc7 1/2-1/2

[Event "CAN-op"]
[Site "Kitchener CAN"]
[Date "2006.07.21"]
[Round "7"]
[White "Gulati, Justin"]
[Black "Stevens, Christian"]
[Result "1-0"]
[WhiteElo "2132"]
[BlackElo "2314"]
[PlyCount "111"]
[EventDate "2006.07.15"]
[EventType "swiss"]
[EventRounds "9"]
[EventCountry "CAN"]

1. e4 c5 2. Nc3 e6 3. f4 Nc6 4. Nf3 Nge7 5. g3 d5 6. d3 b6 7. Bg2 dxe4 8. Nxe4
Bb7 9. O-O Nf5 10. Ne5 Be7 11. Nxc6 Bxc6 12. Nf6+ Bxf6 13. Bxc6+ Kf8 14. Bxa8
Qxa8 15. c3 h5 16. Qf3 Qc8 17. a4 g6 18. a5 Kg7 19. axb6 axb6 20. Ra7 Qd8 21.
Qb7 Rf8 22. Qd7 Qb8 23. Qc7 b5 24. Rb7 Qa8 25. Rxb5 Nd4 26. Rb7 Ne2+ 27. Kf2
Nxc1 28. Rxc1 Qa6 29. Rd1 h4 30. Rb6 Qa4 31. Rd2 Qa1 32. Qb7 hxg3+ 33. hxg3 Rh8
34. Qg2 Rh1 35. Re2 Rd1 36. Rb8 Rh1 37. Ra8 Qb1 38. Ra4 Rh5 39. Rae4 Qxd3 40.
Kg1 c4 41. R4e3 Qd1+ 42. Re1 Qb3 43. R3e2 Be7 44. Qe4 Rd5 45. Kg2 Qb5 46. Rh1
Bf6 47. Qf3 Rd3 48. Qe4 Rd5 49. Ra1 Rh5 50. Ra7 Qb8 51. Qb7 Qe8 52. Qd7 Qxd7
53. Rxd7 g5 54. Rxe6 gxf4 55. gxf4 Rb5 56. Re2 1-0

[Event "CAN-op"]
[Site "Kitchener CAN"]
[Date "2006.07.21"]
[Round "7"]
[White "Hamilton, Robert"]
[Black "Kazmaier, Daniel"]
[Result "1/2-1/2"]
[WhiteElo "2333"]
[BlackElo "2141"]
[PlyCount "156"]
[EventDate "2006.07.15"]
[EventType "swiss"]
[EventRounds "9"]
[EventCountry "CAN"]

1. d4 f5 2. c4 Nf6 3. g3 g6 4. Bg2 Bg7 5. Nh3 O-O 6. O-O d6 7. b3 Nc6 8. Bb2 e5
9. dxe5 Nxe5 10. Nc3 h6 11. Nf4 g5 12. Nd3 Nfg4 13. h3 Nxd3 14. exd3 Ne5 15. f4
Nc6 16. Qd2 Qf6 17. Rab1 Nd4 18. Nb5 c5 19. Nxd4 cxd4 20. Rbe1 a5 21. Re2 Ra7
22. fxg5 hxg5 23. Bc1 f4 24. gxf4 Qg6 25. fxg5 Rxf1+ 26. Kxf1 Bf5 27. Bd5+ Kh8
28. Qf4 Bxd3 29. Qh4+ Qh7 30. Qxh7+ Kxh7 31. Be4+ Bxe4 32. Rxe4 a4 33. b4 b5
34. cxb5 Kg6 35. Ke2 Rb7 36. Re6+ Kf5 37. Rxd6 Rxb5 38. Bd2 Ke4 39. h4 Rf5 40.
h5 Be5 41. Re6 d3+ 42. Kd1 Rf1+ 43. Be1 Kd5 44. Re8 Bc3 45. h6 d2 46. Rd8+ Ke6
47. Rxd2 Bxd2 48. Kxd2 Rg1 49. Bf2 Rxg5 50. Kc3 Rg2 51. Bd4 Rh2 52. Kc4 Rxh6
53. Kb5 Kd5 54. Bc5 a3 55. Bf8 Rh2 56. Ka4 Rxa2 57. b5 Kd4 58. Bxa3 Kc4 59. b6
Ra1 60. b7 Rb1 61. Ka5 Rxb7 62. Ka6 Rb3 63. Bd6 Kd5 64. Bh2 Kc6 65. Ka7 Rb7+
66. Ka8 Rb2 67. Bf4 Rb4 68. Bg3 Ra4+ 69. Kb8 Rg4 70. Be5 Rg8+ 71. Ka7 Re8 72.
Bg3 Re3 73. Bf4 Re7+ 74. Ka8 Kb6 75. Bg3 Rg7 76. Bf4 Ka6 77. Be5 Re7 78. Bg3
Ra7+ 1/2-1/2

[Event "CAN-op"]
[Site "Kitchener CAN"]
[Date "2006.07.21"]
[Round "7"]
[White "Kagramanov, Dina"]
[Black "Milicevic, Goran"]
[Result "1-0"]
[WhiteElo "2076"]
[BlackElo "2305"]
[PlyCount "49"]
[EventDate "2006.07.15"]
[EventType "swiss"]
[EventRounds "9"]
[EventCountry "CAN"]

1. e4 e6 2. d4 c5 3. c3 d5 4. e5 Nc6 5. Nf3 Qb6 6. a3 Nh6 7. b4 cxd4 8. cxd4
Nf5 9. Be3 f6 10. exf6 gxf6 11. Nc3 Bd6 12. Bd3 Nxe3 13. fxe3 Bd7 14. Rc1 O-O
15. O-O Rae8 16. Nh4 Re7 17. Qh5 Ref7 18. Rxf6 Qd8 19. Rcf1 Rg7 20. Nxd5 exd5
21. Qxd5+ Kh8 22. Qxd6 Rfg8 23. Bc4 Ne7 24. Bxg8 Nxg8 25. Rf7 1-0

[Event "CAN-op"]
[Site "Kitchener CAN"]
[Date "2006.07.21"]
[Round "7"]
[White "Kulic, Sasa"]
[Black "Estrada, Julian"]
[Result "1-0"]
[WhiteElo "2192"]
[BlackElo "2370"]
[PlyCount "115"]
[EventDate "2006.07.15"]
[EventType "swiss"]
[EventRounds "9"]
[EventCountry "CAN"]

1. c4 e5 2. Nc3 Bb4 3. Nd5 a5 4. a3 Bc5 5. e3 Nf6 6. Nc3 O-O 7. d4 exd4 8. exd4
Re8+ 9. Be2 Bf8 10. Nf3 d5 11. O-O h6 12. Bf4 Bd6 13. Bxd6 Qxd6 14. Ne5 c5 15.
cxd5 cxd4 16. Nc4 Qc5 17. Na4 Qe7 18. Bf3 Ra6 19. Ncb6 Bd7 20. Qxd4 Bxa4 21.
Nxa4 Nbd7 22. Rad1 Rd6 23. g3 Ne5 24. Bg2 Nxd5 25. Bxd5 Nf3+ 26. Bxf3 Rxd4 27.
Rxd4 Qc7 28. Rfd1 Qc2 29. Bxb7 Re2 30. Rd8+ Kh7 31. Nc3 Re7 32. Be4+ Rxe4 33.
Nxe4 Qxe4 34. b4 axb4 35. R8d4 Qe2 36. axb4 h5 37. h4 Qb5 38. Rc1 Kg6 39. Rc5
Qa4 40. Rg5+ Kf6 41. Ra5 Qc2 42. Rxh5 Qe2 43. Rf4+ Ke7 44. Rhf5 f6 45. h5 Qd1+
46. Kh2 Qe2 47. h6 gxh6 48. Rxf6 h5 49. Rh6 Qb5 50. Rh7+ Ke6 51. Rhf7 Qe2 52.
b5 h4 53. gxh4 Qe5 54. b6 Qb2 55. b7 Qb1 56. Rg7 Qb2 57. Rf8 Qe5+ 58. Rg3 1-0